| 000 | 00432nam a22000977a 4500 | ||
|---|---|---|---|
| 100 | _aThomas, K.U. | ||
| 245 | _aSanger sequencing. | ||
| 260 | _bIn: Recent Advances in Molecular Biology and Biotechnology: DBT Skill Vigyan State Partnership Programme Faculty Training 2024. (Comp. C. Bindu Roy). 6-19 March 2024, Rubber Research Institute of India, Kottayam, India, pp. 163-164. Lab Manual | ||
| 700 | _aRavindran, M. | ||
| 942 | _cAR | ||
| 999 |
_c75467 _d75467 |
||